000 00912nam a22001937a 4500
005 20241220104036.0
010 _aB-761495
020 _a9789392734014
_c350.00
035 _aB-761495
037 _bउपहार
082 _a
100 _aभटनागर,ज्ञानेन्द्र कुमार
_975475
245 _aराजा का ईनाम /
_cज्ञानेन्द्र कुमार भटनागर
260 _aनई दिल्ली
_bसुयोग्य प्रकाशन
_c2022
270 _aडब्ल्यू-112,ग्रेटर कैलाश-1फर्स्ट फलोर
_bऩई दिल्ली
_e110048
300 _a64पृ. :
_c24सेमी(सजिल्द)
_bसचित्र
942 _2ddc
_cCH
_h
_mभटना
999 _c207847
_d207847